• 首页
  • 本馆介绍
  • 公告通知
  • 最新文献
  • 馆藏检索
  • 电子资源
  • 读者导购
  • 参考咨询
  • 我的图书馆
  • 登录
  • 详细信息显示
  • 放入我的书架
  • 预约/预借图书
  • 作者相关作品
  • 分类相关作品
  • 丛书相关作品
  • 出版社相关作品

书目信息

  • 表格格式
  • 工作单格式
  • 卡片格式
题名:
智障学生职业教育模式
    
 
作者: 黄建行 , 雷江华 主编
分册:  
出版信息: 北京   北京大学出版社  2011.11
页数: 216页
开本: 23cm
丛书名: 特殊学校教育·康复·职业训练丛书
单 册:
中图分类: G71 , G76
科图分类:
主题词: 智力迟钝--学生--职业教育--研究 , 智力迟钝 , 学生
电子资源:
ISBN: 978-7-301-19642-7
000 01181oam2 2200301 450
001 0102100421
005 20210402100821.0
010    @a978-7-301-19642-7@dCNY45.00
100    @a20120219e20172011em y0chiy50 ea
101 0  @achi
102    @aCN@b110000
105    @ay z 000yy
106    @ar
200 1  @a智障学生职业教育模式@Azhi zhang xue sheng zhi ye jiao yu muo shi@f黄建行, 雷江华主编
210    @a北京@c北京大学出版社@d2011.11@h2017.12
215    @a216页@d23cm
225 2  @a特殊学校教育·康复·职业训练丛书
330    @a本书是深圳元平特殊教育学校和华中师范大学教育学院特殊教育系两个单位合作研究的成果,试图将“立交桥”式职业教育模式的要素、特点等进行适当的总结,以理顺学校职业教育发展的历程,理清职业教育发展的思路,明晰“立交桥”式职业教育模式的特色,为学校职业教育在新时期能向纵深方向发展做好铺垫。
461  0 @12001 @a特殊学校教育·康复·职业训练丛书
606 0  @a智力迟钝@x学生@x职业教育@x研究
606 0  @a智力迟钝
606 0  @a学生
690    @aG71@v5
690    @aG76@v5
701  0 @a黄建行@Ahuang jian hang@c(特殊教育)@4主编
701  0 @a雷江华@Alei jiang hua@f(1975~)@4主编
801  0 @aCN@bBJSZM@c20210402
905    @b1275889-90@dG71@e67@f2
    
    智障学生职业教育模式/黄建行, 雷江华主编.-北京:北京大学出版社,2011.11(2017.12)
    216页;23cm.-(特殊学校教育·康复·职业训练丛书)
    
    
    ISBN 978-7-301-19642-7:CNY45.00
    本书是深圳元平特殊教育学校和华中师范大学教育学院特殊教育系两个单位合作研究的成果,试图将“立交桥”式职业教育模式的要素、特点等进行适当的总结,以理顺学校职业教育发展的历程,理清职业教育发展的思路,明晰“立交桥”式职业教育模式的特色,为学校职业教育在新时期能向纵深方向发展做好铺垫。
●
相关链接 在E读中查询图书 在五车中查询图书 在当当中查询图书 在豆瓣中查询图书


正题名:智障学生职业教育模式     索取号:G71/67         预约/预借

序号 登录号 条形码 馆藏地/架位号 状态 备注
1 1275889   212758899   第一样本阅览室/ [索取号:G71/67] 在馆    
2 1275890   212758906   教育系资料室/ [索取号:G71/67] 在馆    
唐山师范学院图书馆 欢迎您!
大连网信软件有限公司© 版权所有